Statistics for Looney Tunes Characters by Picture

Click here to take the quiz!

General Stats

  • This quiz has been taken 12,454 times
  • The average score is 11 of 20

Answer Stats

Answer% Correct
Bugs Bunny
99%
Daffy Duck
90%
Road Runner
89%
Tweety
89%
Tasmanian Devil
84%
Sylvester
79%
Porky Pig
74%
Wile E. Coyote
73%
Speedy Gonzales
71%
Elmer Fudd
69%
Yosemite Sam
63%
Pepé Le Pew
61%
Marvin the Martian
59%
Foghorn Leghorn
49%
Granny
40%
Witch Hazel
13%
Michigan J. Frog
12%
Gossamer
11%
Henery Hawk
10%
Marc Anthony
9%

Score Distribution

Percentile by Number Answered

Percent of People with Each Score

Your Score History

You have not taken this quiz